| 000 | 00638nam a2200205 a 4500 | ||
|---|---|---|---|
| 001 | 000038024 | ||
| 003 | OSt | ||
| 005 | 20201111132047.0 | ||
| 008 | 130312s2003 dr a 000 0 spa d | ||
| 020 | _a9993497304 | ||
| 040 |
_aDO-SdBNP _bspa _cBNPHU |
||
| 100 | 1 |
_aEstrella Veloz, Santiago _928982 _d1942- |
|
| 245 | 1 | 0 |
_aEcología para todos / _cSantiago Estrella Veloz. |
| 260 |
_aSanto Domingo : _bDe Luxe, _c2003. |
||
| 300 |
_a196 p. : _bils. ; _c22 cm. |
||
| 500 | _aIncluye datos biográficos del autor en la solapa de la cubierta | ||
| 504 | _aBibliografía : p. 190-193 | ||
| 590 | _aInventariado, 2020 /LP | ||
| 942 |
_2ddc _cLBS1 |
||
| 999 |
_c37514 _d37514 |
||